[Event "Istanbul op"]
[Site "Istanbul"]
[Date "2017.09.12"]
[Round "2"]
[White "Erencek, Ediz Ali"]
[Black "Erden, Kadir"]
[Result "1/2-1/2"]
[WhiteElo "1888"]
[BlackElo "2283"]
[PlyCount "102"]
[EventDate "2017.09.11"]
[EventType "swiss"]
[EventRounds "9"]
[EventCountry "TUR"]
[SourceTitle "CBM 180 Extra"]
[Source "ChessBase"]
[SourceDate "2017.10.06"]
[SourceVersion "1"]
[SourceVersionDate "2017.10.06"]
[SourceQuality "1"]

1. d4 d5 2. Nf3 Nf6 3. c4 e6 4. Nc3 dxc4 5. e3 a6 6. Bxc4 b5 7. Bd3 c5 8. dxc5 Bxc5 9. 0-0 Bb7 10. Qe2 Nbd7 11. Rd1 Qb8 12. a3 0-0 13. b4 Bd6 14. h3 Rc8 15. Bb2 Nb6 16. Rac1 Nc4 17. Bxc4 Rxc4 18. Nb1 Rxc1 19. Rxc1 Qd8 20. Bd4 Rc8 21. Rxc8 Qxc8 22. Qb2 Bxf3 23. gxf3 Qc6 24. Nd2 Ne8 25. Qc3 Qxc3 26. Bxc3 f6 27. Ne4 e5 28. Kf1 Kf7 29. Ke2 Ke6 30. Kd3 h6 31. Nd2 Nc7 32. e4 Kf7 33. Nb3 Ke6 34. Bd2 Kd7 35. Be3 Ne6 36. Kc3 Kc6 37. Na5+ Kc7 38. Nb3 h5 39. Kd3 g6 40. Ke2 Kd7 41. Na5 f5 42. Kf1 f4 43. Bb6 g5 44. Kg2 Bf8 45. Kf1 Bd6 46. Kg2 Kc8 47. Kf1 Be7 48. Kg2 Kd7 49. Kf1 Kd6 50. Kg2 Kd7 51. Kf1 Bd6 1/2-1/2

[Event "Troya op 25th"]
[Site "Canakkale"]
[Date "2017.08.08"]
[Round "3"]
[White "Sevgi, Volkan"]
[Black "Erencek, Ediz Ali"]
[Result "1-0"]
[WhiteElo "2213"]
[BlackElo "1934"]
[PlyCount "63"]
[EventDate "2017.08.07"]
[EventType "swiss"]
[EventRounds "9"]
[EventCountry "TUR"]
[SourceTitle "CBM 179 Extra"]
[Source "ChessBase"]
[SourceDate "2017.08.23"]
[SourceVersion "1"]
[SourceVersionDate "2017.08.23"]
[SourceQuality "1"]

1. e4 c5 2. Nc3 a6 3. g4 b5 4. Bg2 Bb7 5. d3 e6 6. Nh3 h5 7. g5 g6 8. Be3 b4 9. Ne2 e5 10. f4 d6 11. 0-0 Nd7 12. c3 a5 13. f5 gxf5 14. Rxf5 Ne7 15. Rf2 h4 16. cxb4 axb4 17. Qb3 Rh7 18. g6 Nxg6 19. Ng5 Rg7 20. Nxf7 Qc7 21. Qe6+ Be7 22. Bh6 Ngf8 23. Qf5 Rg6 24. Kh1 Bf6 25. Bf3 Kxf7 26. Bh5 c4 27. Rg1 cxd3 28. Rxg6 Ke7 29. Rxf6 Qc6 30. Qg5 Nxf6 31. Qxf6+ Kd7 32. Qg7+ 1-0

[Event "TUR-ch"]
[Site "Antalya"]
[Date "2013.02.03"]
[Round "2"]
[White "Erencek, Ediz Ali"]
[Black "Taze, Bulent"]
[Result "1/2-1/2"]
[WhiteElo "1987"]
[BlackElo "1791"]
[PlyCount "186"]
[EventDate "2013.02.02"]
[EventType "swiss"]
[EventRounds "11"]
[EventCountry "TUR"]
[SourceTitle "CBM 152 Extra"]
[Source "ChessBase"]
[SourceDate "2013.02.25"]
[SourceVersion "1"]
[SourceVersionDate "2013.02.25"]
[SourceQuality "1"]

1. d4 Nf6 2. c4 g6 3. Nc3 Bg7 4. e4 d6 5. f3 0-0 6. Be3 c6 7. Qd2 a6 8. a4 Nbd7 9. Ra3 e5 10. d5 c5 11. Nh3 Ne8 12. Nf2 f5 13. exf5 gxf5 14. Bg5 Ndf6 15. Be2 Qc7 16. 0-0 Qf7 17. g3 Qg6 18. Kh1 h6 19. Bh4 Nh7 20. Rb3 h5 21. Bd3 Bh6 22. Qe2 Kh8 23. Rg1 Qf7 24. Bc2 Rg8 25. Rb6 Rg7 26. a5 Rb8 27. Nd3 Bd7 28. Nxe5 Qf8 29. Nxd7 Rxd7 30. f4 Ng7 31. Re1 Re8 32. Qd2 Rxe1+ 33. Qxe1 Nf6 34. Qd2 Qf7 35. Kg2 Rd8 36. Bxf6 Qxf6 37. Rxb7 h4 38. Ba4 Nh5 39. Ne2 Rg8 40. Qc3 Qxc3 41. bxc3 hxg3 42. hxg3 Nxg3 43. Nxg3 Bxf4 44. Kf3 Bxg3 45. Bc2 Be5 46. Bxf5 Rg3+ 47. Ke2 Rxc3 48. Rh7+ Kg8 49. Ra7 Rxc4 50. Rxa6 Ra4 51. Ra7 c4 52. Ke3 c3 53. Ra8+ Kg7 54. Bc2 Rd4 55. a6 Rd2 56. a7 Rxc2 57. Rc8 Ra2 58. a8Q Rxa8 59. Rxa8 Kf6 60. Ke4 Kg5 61. Rf8 Kg6 62. Rf2 Kg5 63. Rg2+ Kf6 64. Rg1 Ke7 65. Kf5 Kd7 66. Re1 Kc7 67. Rb1 Bd4 68. Rb4 Be5 69. Ke6 Kc8 70. Ke7 Kc7 71. Rb1 Kc8 72. Rb6 Kc7 73. Rc6+ Kb7 74. Kd7 Kb8 75. Rc7 Bd4 76. Rc4 Be5 77. Rb4+ Ka7 78. Kc6 Bg3 79. Rc4 Be5 80. Ra4+ Kb8 81. Ra1 Bf4 82. Ra2 Be5 83. Ra4 Bg3 84. Rb4+ Ka7 85. Ra4+ Kb8 86. Rc4 Be5 87. Rg4 Ka7 88. Rb4 Bg3 89. Rb3 Be5 90. Ra3+ Kb8 91. Ra2 Bg3 92. Ra4 Be5 93. Rc4 Kc8 1/2-1/2

[Event "TUR-ch"]
[Site "Kemer"]
[Date "2012.01.31"]
[Round "4"]
[White "Dastan, Batuhan Muhammed"]
[Black "Erencek, Ediz Ali"]
[Result "1-0"]
[WhiteElo "2211"]
[BlackElo "1983"]
[PlyCount "127"]
[EventDate "2012.01.29"]
[EventType "swiss"]
[EventRounds "10"]
[EventCountry "TUR"]
[SourceTitle "CBM 146 Extra"]
[Source "ChessBase"]
[SourceDate "2012.02.29"]
[SourceVersion "1"]
[SourceVersionDate "2012.02.29"]
[SourceQuality "1"]

1. e4 d6 2. d4 e5 3. Nf3 exd4 4. Nxd4 Nf6 5. f3 Be7 6. Be3 0-0 7. c4 Re8 8. Be2 Bf8 9. Nc3 c6 10. Nc2 a6 11. 0-0 b5 12. Qe1 Be6 13. cxb5 axb5 14. Qf2 Nbd7 15. Nd4 Qc8 16. Nxe6 Rxe6 17. b4 g6 18. Rfc1 Qe8 19. Bd4 Bg7 20. Rab1 Ne5 21. Rc2 Rd8 22. Bb6 Ra8 23. h3 Ra3 24. Bd4 g5 25. Rbc1 Ra8 26. Bf1 h6 27. Ra1 Qd7 28. Rd1 Qb7 29. Rdc1 Nfd7 30. Nd1 Ra3 31. Bc3 Nb6 32. Ne3 Na4 33. Ba1 Qa7 34. Nf5 Qxf2+ 35. Kxf2 Bh8 36. Bd4 c5 37. Be3 c4 38. Nd4 Nd3+ 39. Bxd3 Bxd4 40. Bxd4 Rxd3 41. Ba1 d5 42. exd5 Rxd5 43. Re1 Rxe1 44. Kxe1 f5 45. Rd2 Rxd2 46. Kxd2 Nb6 47. Bd4 Nd5 48. a4 bxa4 49. b5 a3 50. Kc2 Kf7 51. b6 Nb4+ 52. Kc3 Nc6 53. b7 Ke6 54. g4 f4 55. Bg7 Kd5 56. Bxh6 a2 57. Kb2 Kd4 58. Bxg5 Ke3 59. h4 Kxf3 60. h5 Kxg4 61. h6 Kxg5 62. h7 f3 63. h8Q Kg4 64. Qc8+ 1-0

[Event "Istanbul op 9th"]
[Site "Istanbul"]
[Date "2010.08.22"]
[Round "3"]
[White "Grigoriev, Armen"]
[Black "Erencek, Ediz Ali"]
[Result "1-0"]
[WhiteElo "2281"]
[BlackElo "2008"]
[PlyCount "127"]
[EventDate "2010.08.21"]
[EventType "swiss"]
[EventRounds "9"]
[EventCountry "TUR"]
[SourceTitle "CBM 138 Extra"]
[Source "ChessBase"]
[SourceDate "2010.10.29"]
[SourceVersion "1"]
[SourceVersionDate "2010.10.29"]
[SourceQuality "1"]

1. c4 e6 2. g3 Nf6 3. Bg2 d5 4. Nf3 Be7 5. 0-0 0-0 6. b3 Nbd7 7. cxd5 exd5 8. Bb2 c6 9. d3 Re8 10. Nbd2 Nf8 11. h3 Ng6 12. Qc2 Bd6 13. e3 Ne5 14. Nxe5 Bxe5 15. Nf3 Bxb2 16. Qxb2 Bf5 17. Rfd1 h6 18. e4 Bh7 19. Rd2 Qe7 20. e5 Nd7 21. d4 Be4 22. Nh2 c5 23. f3 Bg6 24. f4 Nb6 25. dxc5 Qxc5+ 26. Qd4 Rac8 27. Qxc5 Rxc5 28. Ng4 Kf8 29. Rad1 Bc2 30. Rc1 Rec8 31. Ne3 Be4 32. Rxc5 Rxc5 33. Bxe4 dxe4 34. Rd8+ Ke7 35. Rb8 Rc7 36. Kf2 g6 37. g4 g5 38. f5 Kd7 39. Ke2 Kc6 40. Rd8 Re7 41. Rd6+ Kc5 42. Rxh6 Rxe5 43. h4 gxh4 44. Rxh4 Re8 45. Rh7 Rf8 46. g5 Nd5 47. Rh4 Rg8 48. Rg4 b5 49. a3 a6 50. g6 fxg6 51. Nxd5 Kxd5 52. fxg6 Kd4 53. Kd2 Rg7 54. b4 Ke5 55. Ke3 Kf5 56. Rf4+ Kg5 57. Rf1 Rg8 58. g7 Kg6 59. Rf2 Kh7 60. Rg2 Kh6 61. Kxe4 Kh7 62. Kf5 Rd8 63. g8Q+ Rxg8 64. Rxg8 1-0

[Event "TUR-ch op"]
[Site "Antalya"]
[Date "2008.02.10"]
[Round "11.8"]
[White "Erencek, Ediz Ali"]
[Black "Erdogan, Hakan"]
[Result "0-1"]
[WhiteElo "2033"]
[BlackElo "2282"]
[PlyCount "76"]
[EventDate "2008.02.04"]
[EventType "swiss"]
[EventRounds "11"]
[EventCountry "TUR"]
[SourceTitle "CBM 122 Extra"]
[Source "ChessBase"]
[SourceDate "2008.03.04"]
[SourceVersion "1"]
[SourceVersionDate "2008.03.04"]
[SourceQuality "1"]

1. Nf3 Nf6 2. c4 e6 3. Qc2 c5 4. Nc3 Nc6 5. e3 d5 6. cxd5 exd5 7. d4 c4 8. a3 Bd6 9. Be2 0-0 10. e4 dxe4 11. Nxe4 Nxe4 12. Qxe4 Re8 13. Qc2 Qa5+ 14. Kf1 b5 15. Bd2 Qc7 16. a4 Bg4 17. Be3 a6 18. Rd1 Nb4 19. Qc1 Nd5 20. h3 Bh5 21. b3 cxb3 22. axb5 a5 23. Qxc7 Bxc7 24. Rc1 Bg6 25. Nd2 b2 26. Rc5 a4 27. Bc4 Nxe3+ 28. fxe3 Ba5 29. Nb1 Bxb1 30. Ke2 Bg6 31. Bd3 a3 32. Rc2 Rxe3+ 33. Kxe3 Re8+ 34. Kf2 Bxd3 35. Rc6 h5 36. Ra6 Re2+ 37. Kf3 Be1 38. Rxa3 b1Q 0-1

[Event "TUR-ch op"]
[Site "Antalya"]
[Date "2008.02.04"]
[Round "1.36"]
[White "Ozdover, Mustafa Berkay"]
[Black "Erencek, Ediz Ali"]
[Result "0-1"]
[WhiteElo "1601"]
[BlackElo "2033"]
[PlyCount "70"]
[EventDate "2008.02.04"]
[EventType "swiss"]
[EventRounds "11"]
[EventCountry "TUR"]
[SourceTitle "CBM 122 Extra"]
[Source "ChessBase"]
[SourceDate "2008.03.04"]
[SourceVersion "1"]
[SourceVersionDate "2008.03.04"]
[SourceQuality "1"]

1. d4 Nf6 2. f4 g6 3. Nf3 Bg7 4. e3 0-0 5. Be2 c5 6. c3 b6 7. 0-0 Bb7 8. Nbd2 Qc7 9. a3 cxd4 10. Nxd4 Nc6 11. Bf3 e5 12. fxe5 Nxe5 13. Bxb7 Qxb7 14. N2f3 Nxf3+ 15. Rxf3 Qd5 16. Bd2 Ne4 17. Rc1 b5 18. Qe2 Rfe8 19. Be1 Rab8 20. Rd1 Qh5 21. Qd3 Rb6 22. Rc1 Qd5 23. Bg3 a6 24. Bc7 Rb7 25. Ba5 Nc5 26. Qf1 Bxd4 27. Rd1 Nb3 28. Bb4 a5 29. Bxa5 Qe6 30. cxd4 Nxa5 31. d5 Qe7 32. Rd4 Nc4 33. Qc1 Nxe3 34. b3 Qe5 35. Rdf4 f5 0-1

[Event "TUR-ch"]
[Site "Kusadasi"]
[Date "2004.03.02"]
[Round "5"]
[White "Erencek, Ediz Ali"]
[Black "Erdogan, Hakan"]
[Result "0-1"]
[WhiteElo "2034"]
[BlackElo "2252"]
[PlyCount "84"]
[EventDate "2004.02.28"]
[EventType "swiss"]
[EventRounds "12"]
[EventCountry "TUR"]
[SourceTitle "CBM 099 Extra"]
[Source "ChessBase"]
[SourceDate "2004.05.04"]
[SourceVersion "1"]
[SourceVersionDate "2004.05.04"]
[SourceQuality "1"]

1. d4 c5 2. e3 d5 3. Nf3 Nc6 4. c3 cxd4 5. exd4 g6 6. g3 Bg7 7. Bg2 e6 8. 0-0 Nge7 9. Re1 0-0 10. Bf4 f6 11. h4 Qb6 12. Qb3 Qd8 13. Qa3 Rf7 14. Nbd2 h6 15. g4 g5 16. hxg5 hxg5 17. Bg3 Ng6 18. Nf1 Nf4 19. Bh1 Ne7 20. Bxf4 gxf4 21. N1d2 Bf8 22. Kf1 b6 23. b4 Bd7 24. Qa6 Rc8 25. Qd3 Qe8 26. a4 Bxa4 27. Rxa4 Qxa4 28. g5 Qc6 29. gxf6 Rxf6 30. Rc1 Ng6 31. b5 Qe8 32. Bg2 Bd6 33. Bh3 Rc7 34. Re1 Nf8 35. Ne5 Rg7 36. Bg4 Bxe5 37. dxe5 Rh6 38. f3 Rh2 39. Re2 Rh1+ 40. Kf2 Qe7 41. Nf1 Qh4+ 42. Kg2 Qh3+ 0-1

[Event "TUR-ch"]
[Site "Kusadasi"]
[Date "2004.03.01"]
[Round "4"]
[White "Secer, Ata"]
[Black "Erencek, Ediz Ali"]
[Result "0-1"]
[WhiteElo "2177"]
[BlackElo "2034"]
[PlyCount "36"]
[EventDate "2004.02.28"]
[EventType "swiss"]
[EventRounds "12"]
[EventCountry "TUR"]
[SourceTitle "CBM 099 Extra"]
[Source "ChessBase"]
[SourceDate "2004.05.04"]
[SourceVersion "1"]
[SourceVersionDate "2004.05.04"]
[SourceQuality "1"]

1. e4 c5 2. Nf3 e6 3. d4 cxd4 4. Nxd4 Nf6 5. Nc3 Bb4 6. e5 Nd5 7. Bd2 Nxc3 8. bxc3 Ba5 9. Bd3 Qc7 10. f4 a6 11. Qg4 Bxc3 12. Qxg7 Rf8 13. Ne2 Bxa1 14. Bb4 d6 15. Bxd6 Qxd6 16. Ng3 Qd4 17. Ke2 Qxf4 18. Rxa1 Nc6 0-1

[Event "IECG CM.1999.0.00076"]
[Site "IECG email"]
[Date "1999.??.??"]
[Round "?"]
[White "Erencek, Ediz Ali"]
[Black "Penna, Paulo Sergio"]
[Result "1/2-1/2"]
[WhiteElo "2250"]
[BlackElo "2205"]
[PlyCount "84"]
[EventDate "1999.04.17"]
[EventType "tourn (corr)"]
[EventRounds "6"]
[SourceTitle "Corr 2008"]
[Source "ChessBase"]
[SourceDate "2008.06.24"]
[SourceVersion "1"]
[SourceVersionDate "2008.06.24"]
[SourceQuality "1"]

1. d4 Nf6 2. Nf3 e6 3. Bg5 c5 4. e3 Qb6 5. Qc1 Ne4 6. Bf4 d5 7. c3 Bd7 8. Nbd2 Nxd2 9. Qxd2 Bb5 10. Bd3 Bxd3 11. Qxd3 Nc6 12. 0-0 c4 13. Qe2 Be7 14. Rab1 Qa5 15. a3 Rc8 16. e4 0-0 17. Rfe1 Rfd8 18. e5 Qa4 19. Bg5 b5 20. Qd1 Qxd1 21. Rexd1 Kf8 22. Bxe7+ Kxe7 23. Nd2 a5 24. f4 Kd7 25. Kf2 Ne7 26. Rdc1 a4 27. Nf3 h5 28. g3 Rg8 29. h3 Rh8 30. Rh1 Rh6 31. Rh2 Nf5 32. Rbh1 Rg6 33. Rg1 Ne7 34. g4 Rh6 35. Kg3 Rf8 36. Rgg2 Rfh8 37. Nh4 R6h7 38. f5 hxg4 39. hxg4 exf5 40. Nxf5 Rxh2 41. Rxh2 Rxh2 42. Kxh2 g5 1/2-1/2